00825nam a2200205 a 450000100100000000500170001000800410002704000250006808200160009310000370010924500420014626000330018830000200022159000750024165000260031665000300034291000370037295201930040999900170060200003471420200930073846.0111019s1972 fr 000 f spa d aDO-SdBNPbspacBNPHU a843.8bZ86a1 aZola, Émilied1840-190296017310aAu bonheur des dames /cÉmile Zola. aParís :bFasquelle,c1972. a504 p. ;c17cm. aPerteneció a la biblioteca personal de Juan Isidro Jimenes Grullón 4aNovela francesa91075 4aLiteratura francesa91074 aValidado. Control de calidad MFF 001052708MOaGRbGRcHDd2011-10-19iLF1l0o843.8 Z86ap34714-10r2020-06-25w2020-06-25y2zPerteneció a la biblioteca personal de Juan Isidro Jimenes- GrullónZPréstamo interno c34205d34205